000
00361nam a22001577a 4500
003
MPLRDC
005
20220104114037.0
008
210129b ||||| |||| 00| 0 eng d
082
_a
848.2 LQX v.8 c.2*
100
_a
林清玄著
245
_a
紫色菩提
_c
260
_a
_b
宇宙出版社
_c
300
_b
平
650
_a
942
_c
BK
_o
848.2 LQX v.8 c.2*
999
_c
4375
_d
4365